| 000 | 00685nam a2200241 a 4500 | ||
|---|---|---|---|
| 001 | BRCA_6923 | ||
| 005 | 20190320205637.0 | ||
| 008 | 161111s1946----mx-a######---#000-0#spa-# | ||
| 041 | _aspa | ||
| 044 | _amx | ||
| 050 | 4 |
_aCB351 _b.B84 1946 |
|
| 100 | 1 |
_aBühler, Johannes _917255 |
|
| 245 | 1 | 0 |
_aVida y Cultura en la edad media _cversión española de Wenceslao Roces. |
| 260 |
_aMéxico _bFCE _c[1946] |
||
| 300 |
_a324 p. _bil. _c25 cm. |
||
| 440 | 0 |
_aSección de obras de historia _917256 |
|
| 500 | _aIncluye índice bibliográfico | ||
| 500 | _aEstado físico: camisa rota | ||
| 500 | _aO142 | ||
| 650 | 1 | 4 |
_aCivilización medieval _917257 |
| 902 | _aGFM | ||
| 942 |
_2lcc _cB |
||
| 999 |
_c6605 _d6605 |
||